000 00610nam a2200181Ia 4500
008 100921s9999 xx 000 0 und d
082 _b33110
_a808.5 न 00
100 _aकदम वि.द.
245 _aभाषणबाजी.
260 _bमनोकामना प्रकाशन, सांगली.
_c2000
300 _a88
_bजयेश एजन्सी,पुणे.
365 _b85
520 _aललित-भाषणकला.
630 _aभाषणबाजी.
650 _aललित-भाषणकला.
730 _aभाषणबाजी.
942 _cBOOK
999 _c782223
_d782220